Derecho a saber derecho de acceso a la información pública /
Este trabajo presenta la necesidad de una ley nacional que garantice el derecho al acceso a la información pública en cada nación y con esta fomentar la participación ciudadana en el control de las actividades publicas, la prevención de la corrupción y la efectividad en el complimiento de otros dere...
Uloženo v:
| Hlavní autor: | |
|---|---|
| Médium: | Text |
| Témata: | |
| Tagy: |
Přidat tag
Žádné tagy, Buďte první, kdo vytvoří štítek k tomuto záznamu!
|
MARC
| LEADER | 00000 a a2200000 04500 | ||
|---|---|---|---|
| 001 | 42202 | ||
| 003 | |||
| 040 | |||
| 100 | |a Alfaro, Griselda | ||
| 245 | |a Derecho a saber derecho de acceso a la información pública / |c Griselda Alfaro | ||
| 520 | |a Este trabajo presenta la necesidad de una ley nacional que garantice el derecho al acceso a la información pública en cada nación y con esta fomentar la participación ciudadana en el control de las actividades publicas, la prevención de la corrupción y la efectividad en el complimiento de otros derechos. | ||
| 590 | |a SJB/NOVIEMBRE2011 | ||
| 650 | |a 1.ACCESO A LA INFORMACION | ||
| 650 | |a 2.LIBERTAD DE INFORMACION | ||
| 650 | |a 3.DEMOCRACIA | ||
| 650 | |a 4.DERECHOS HUMANOS | ||
| 650 | |a 5.POLITICA NACIONAL | ||
| 650 | |a 6.POLITICA INTERNACIONAL | ||
| 650 | |a 7.LEGISLACION | ||
| 650 | |a 8.ARGENTINA | ||
| 773 | |g volumen19, número9 ( , 2009), páginas 79-90 | ||
| 999 | |c 30185 |d 30185 | ||
